Papieże od 1352 r. - Statystyki

Ogólne statystyki
  • Ten quiz został rozwiązany 526 razy
    350 od ostatniego zresetowania
  • Średni wynik to 32 z 68
Statystyki odpowiedzi
Obrazkowy Odpowiedź % Poprawnych
Franciszek
97%
Jan Paweł I
94%
Benedykt XV
93%
Jan Paweł II
93%
Benedykt XVI
88%
Jan XXIII
76%
Pius X
74%
Pius XI
73%
Paweł V
72%
Paweł VI
72%
Pius XII
72%
Pius IX
68%
Pius V
68%
Pius VI
67%
Benedykt XIII
66%
Benedykt XIV
66%
Pius VII
66%
Pius VIII
66%
Leon X
59%
Pius II
59%
Paweł II
58%
Paweł IV
58%
Leon XI
57%
Leon XII
56%
Leon XIII
56%
Paweł III
56%
Pius III
54%
Pius IV
54%
Grzegorz XI
53%
Grzegorz XII
49%
Grzegorz XIII
49%
Grzegorz XV
44%
Grzegorz XVI
42%
Grzegorz XIV
38%
Innocenty X
38%
Klemens X
37%
Urban V
37%
Urban VI
37%
Aleksander VI
36%
Innocenty VI
36%
Innocenty XI
36%
Innocenty XII
36%
Innocenty XIII
36%
Klemens VII
36%
Klemens VIII
36%
Klemens XI
36%
Urban VII
36%
Urban VIII
36%
Innocenty VII
35%
Innocenty VIII
35%
Klemens XII
35%
Klemens XIII
35%
Innocenty IX
33%
Klemens IX
32%
Aleksander VII
31%
Aleksander VIII
31%
Klemens XIV
29%
Sykstus V
26%
Juliusz II
23%
Marcin V
23%
Sykstus IV
23%
Bonifacy IX
22%
Hadrian VI
21%
Mikołaj V
21%
Juliusz III
19%
Kalikst III
14%
Marceli II
14%
Eugeniusz IV
12%
Nie znaleziono quizów pasujących do podanych kryteriów
Rozkład punktacji
Procent ludzi z każdym wynikiem
Percentyl według liczby udzielonych odpowiedzi
Twoja historia wyników
Nie rozwiązałeś tego quizu od ostatniego zresetowania